| 000 | 01599nam a22004337a 4500 | ||
|---|---|---|---|
| 001 | 000096534 | ||
| 003 | CHAP | ||
| 005 | 20220817044131.0 | ||
| 008 | 061116d2006 mx r 00110 spa d | ||
| 010 | _a93000 | ||
| 011 | _a93972 | ||
| 035 | _a104555 | ||
| 040 | _cCHAP | ||
| 090 | _aTesis | ||
| 100 | 1 |
_aMorgado González, Antonio. _978774 |
|
| 245 | 1 | 0 |
_aEstablecimiento de una granja agroecológica, demostrativa y de capacitación en el municipio de Teziutlán, Puebla / _c/por Antonio Morgado González y Alberto Luís Valera Campos. |
| 260 |
_aChapingo, Méx. : _bEl autor, _c2006. |
||
| 300 | _a155 h. | ||
| 502 | _aTesis (Ing. Agr. Esp. en Fitotecnia) - - UACH. Departamento de Fitotecnia | ||
| 590 |
_aALEPH _b10 _c20130110 _lUCH01 _h1514 |
||
| 590 |
_aBATCH-UPD _b10 _c20130110 _lUCH01 _h0751 |
||
| 590 |
_aBATCH-UPD _b10 _c20130410 _lUCH01 _h0431 |
||
| 590 |
_aBATCH-UPD _b10 _c20130913 _lUCH01 _h2135 |
||
| 590 |
_aBATCH-UPD _b10 _c20140324 _lUCH01 _h1459 |
||
| 590 |
_aBATCH-UPD _b10 _c20141002 _lUCH01 _h0832 |
||
| 590 |
_aCONVERSION _b10 _c20130109 _lUCH01 _h1351 |
||
| 590 |
_aE792CSJ _b10 _c20130606 _lUCH01 _h1430 |
||
| 650 | 1 | 4 | _aAgricultura sustentable. |
| 650 | 1 | 4 |
_aAgricultura _xPuebla. _91775 |
| 650 | 1 | 4 |
_aHuertos familiares. _956726 |
| 700 | 1 |
_aValera Campos, Alberto Luís. _9117520 |
|
| 856 |
_3Finding aid _uhttp://10.13.5.2/tesis/104555.pdf _zTeclea aquí |
||
| 901 | _aBK | ||
| 905 | _aLilia | ||
| 942 | _cCD | ||
| 942 | _n0 | ||
| 949 |
_aTesis _bBC _cTES _d33724002005926 _eTS1 _h45936 _i104555 _sb |
||
| 949 |
_aTesis _bBC _cTES _d33724002005967 _eTS2 _fc.2 _h45937 _i104555 _sb |
||
| 999 |
_c93000 _d93000 |
||